000 00504nam a2200181Ia 4500
001 11282
005 20260306162816.0
008 260306t2019||||xx |||||||||||||| ||spa||
041 _aESP
082 _a985.02
_bR84
100 _aRosselló de Moya, Pilar
_eAUT
245 0 _aLa relación conquista y población del Perú, fundación de algunos pueblos de Bartolomé de Segovia
260 _c2019
300 _a238 páginas :
_c20 cm.
650 _aGEN
654 _aCHU
942 _cLIB
_dJUS
_fJUS
_2ddc
_n
999 _c11282
_d11282